000 00427nam a2200169Ia 4500
003 LK-CoDNM
008 010623t1977 xxu||||| |||| 00| 1 eng d
040 _aLK-CoDNM
_dLK-CoDNM
_eLK-CoDNM
041 _aeng
080 _ax 92 COO
100 _aLipsey, Roger
245 _aCoomaeaswamy : His life and work
260 _bPrinceton university press
_c1977
300 _b(xvii)312, 25 cm
650 _aBiography
942 _cBK
999 _c110057
_d110057